书目信息 |
| 题名: |
强化德语教程《目标》
|
|
| 作者: | 顾芸英 编 | |
| 分册: | 下册 听力技能训练 | |
| 出版信息: | 上海 上海外语教育出版社 1992 |
|
| 页数: | 229页 | |
| 开本: | 26cm | |
| 丛书名: | ||
| 单 册: | ||
| 中图分类: | H33 | |
| 科图分类: | ||
| 主题词: | 德语--高等学校--教材 | |
| 电子资源: | ||
| ISBN: | 7-81009-751-2 | |
| 000 | 00703nam0 2200229 45 | |
| 001 | 0196100338 | |
| 005 | 20070619161716.18 | |
| 010 | @a7-81009-751-2@dCNY15.00 | |
| 100 | @a19960716d1992 em y0chiy0121 ea | |
| 101 | 0 | @achi@ager |
| 102 | @aCN@b310000 | |
| 105 | @af z 000yy | |
| 200 | 10 | @a强化德语教程《目标》@Aqiang hua de yu jiao cheng mu biao@i听力技能训练@h下册@f顾芸英等编 |
| 210 | @a上海@c上海外语教育出版社@d1992 | |
| 215 | @a229页@c插图@d26cm | |
| 300 | @a并列题名:Deutsch fur intensivkurse | |
| 510 | 1 | @aDeutsch fur intensivkurse@zger |
| 606 | @a德语@x高等学校@x教材 | |
| 690 | @aH33@v3 | |
| 701 | 0 | @a顾芸英@Agu yun ying@4编 |
| 801 | 0 | @aCN@bTSSF@c20070619 |
| 905 | @a10447@dH33@e100:2 | |
| 强化德语教程《目标》.听力技能训练.下册/顾芸英等编.-上海:上海外语教育出版社,1992 |
| 229页:插图;26cm |
| 并列题名:Deutsch fur intensivkurse |
| ISBN 7-81009-751-2:CNY15.00 |
| ● |
| 相关链接 |
|
|
|
|
正题名:强化德语教程《目标》
索取号:H33/100:2
 
预约/预借
| 序号 | 登录号 | 条形码 | 馆藏地/架位号 | 状态 | 备注 |
| 1 | 0655410 | 206554101 | 第二样本阅览室/ [索取号:H33/100:2] | 在馆 |